| 000 | 00444nam a2200181Ia 4500 | ||
|---|---|---|---|
| 005 | 20240823055434.0 | ||
| 008 | 240823s9999||||xx |||||||||||||| ||und|| | ||
| 041 | _aENGLISH | ||
| 082 | _A624.18341 Q4 | ||
| 100 | _aNaseer Khan | ||
| 245 | 0 | _aReinforced Concrete Structures | |
| 250 | _a1st | ||
| 260 |
_c2014 _bVenus Books Publishers & Distrib |
||
| 500 | _aYES | ||
| 650 |
_aConcrete Structrues _bCivil |
||
| 942 | _cBK | ||
| 999 |
_c228783 _d228783 |
||